№ 11; Национальные стандарты

書目詳細資料
Parent link:Национальные стандарты: Информационный указатель/ Федеральное агентство по техническому регулированию и метрологии. № 11.— , 2004-
語言:俄语
出版: 2015
格式: 圖書
KOHA link:https://koha.lib.tpu.ru/cgi-bin/koha/opac-detail.pl?biblionumber=554061

MARC

LEADER 00000nam2a2200000 4500
001 554061
005 20231101121410.0
035 |a (RuTPU)RU\TPU\prd\248001 
090 |a 554061 
100 |a 20151214a19409999k y0rusy50 ca 
101 0 |a rus 
102 |a RU 
200 0 |a № 11 
210 |d 2015 
461 1 |0 (RuTPU)RU\TPU\prd\23792  |t Национальные стандарты  |o Информационный указатель  |f Федеральное агентство по техническому регулированию и метрологии  |v № 11  |d 2004- 
801 0 |a RU  |b 63413507  |c 20010227  |g PSBO 
801 1 |a RU  |b 63413507  |c 20151214 
801 2 |a RU  |b 63413507  |c 20191202  |g RCR 
942 |c BK 
999 |a НТБ_ТПУ  |b ЧЗКДП  |e -1/20150112  |s 1/20150608  |u 0,00  |v 1